000 00546nam a22001817a 4500
999 _c169508
_d169508
005 20191122101715.0
010 _aENG-126975
020 _a9788126573356
_c249.00
035 _aEN-110507
037 _bDBAD/PUB
082 _a000
100 _aWiley
245 _aRailway recruitment boards :
_cby Wiley
_bRRB Group-D technical & non technical exam goalpost /
260 _aNew Delhi
_bWilley India
_c2018
270 _a4436-7, Ansari Road
_bDaryaganj
_e110002
300 _axv;272p.
_c27cm(pbk)
942 _2ddc
_cEN
_h000
_mWIL